Central America: anatomy of conflict /

Uloženo v:
Podrobná bibliografie
Hlavní autor: Leiken, Robert S.
Další autoři: ed.
Médium: Text
Vydáno: s.l.: Pergamon Press
Tagy: Přidat tag
Žádné tagy, Buďte první, kdo vytvoří štítek k tomuto záznamu!

MARC

LEADER 00000 a a2200000 04500
001 22379
003
040 |a CRAI/IIS  |c CRAI/IIS 
020 |a 0-08-030950  
090 |a 152500  
100 |a Leiken, Robert S.  
245 |a Central America: anatomy of conflict /  |c Robert S. Leiken,  
260 |a s.l.:   |b Pergamon Press  
300 |a 351 p  
700 |a ed.  
999 |c 6787  |d 6787